000 01682nam a2200397 4500
001 13933
003 http://catalogue.bnf.fr/ark:/12148/cb48569564g
005 20251002124543.0
010 _a9791094828779
_d10 EUR
073 0 _a9791094828779
090 _a13933
099 _o0
100 _a20250731d2025 m y0frey50 ba
101 0 _afre
102 _aFR
105 _a||||z 00|||
181 0 _601
_ai
_bxxxe
181 _602
_ctxt
_2rdacontent
182 0 _601
_an
182 _602
_cn
_2rdamedia
200 1 _aFail (Fonce Avance Invincible Loser)
_bLIVR
_epièce jeunesse
214 0 _cEditions Koinè
_d2025
214 3 _cImpr. Sté ACORT Europe www.cogetefi.com
214 0 _aBagnolet
214 3 _a91- Les Ulis Cedex
215 _a1 vol. (46 p.)
215 _d18 cm
225 1 _aF.A.I.L, fonce avance invincible loser
323 _a6 personnages
330 _aLe Maître du F.A.I.L vous attend pour vous raconter l histoire de Noa, Blue et Box. Plongez dans une aventure où pour gagner notre personnage va devoir échouer (et inversement). Une aventure pour nous faire aimer nos grandeurs comme nos faiblesses. L échec nous y livrera toute sa force avant que, tels d invincibles losers, nous nous élancions à nouveau à la conquête de tout ce qu il nous reste à accomplir. Episode 1 Fail : le maître du FAIL vous attend pour vous raconter l histoire de Noa
610 _aHarcèlement
_aCollège
_aDiscrimination
700 _aFabre
_bMarjorie
700 _cAuteur du texte
801 0 _aFR
_bFR-751131015
_c20250731
_gAFNOR
_hFRBNF48569564000000X
856 2 _u1084926
_bPremière de couverture
856 2 _u1084927
_bQuatrième de couverture